Carmi priapei

Gorde:
Xehetasun bibliografikoak
Erakunde egilea: Guanda
Formatua: Liburua
Hizkuntza:ingelesa
Argitaratua: Guanda 1976
Etiketak: Etiketa erantsi
Etiketarik gabe, Izan zaitez lehena erregistro honi etiketa jartzen!

MARC

LEADER 00000nam a2200000 4500
005 20240925171816.0
008 240724b |||||||| |||| 00| 0 eng d
020 |a 978-8877461575 
040 |c GP 
110 |a Guanda 
245 |a Carmi priapei 
260 |b Guanda  |c 1976 
942 |2 ddc  |c BK  |n 0 
952 |0 0  |1 0  |2 ddc  |4 0  |6 808_000000000000000_GUA  |7 1  |9 1693  |a RM  |b RM  |d 2024-07-24  |l 0  |o 808 GUA  |p 403  |r 2024-07-24 16:54:33  |w 2024-07-24  |y BK 
999 |c 1506  |d 1506